| 000 | 00873cab a22002415a 4500 | ||
|---|---|---|---|
| 001 | L157285 | ||
| 008 | 121009e2012 xxk 000 0 eng d | ||
| 035 | _a(Sirsi) u157285 | ||
| 041 | 0 | _aeng | |
| 100 | 1 | _aLytton, David | |
| 245 | 0 | 0 | _aBehind the privacy screen: confidentiality in arbitration |
| 260 | _c2012 | ||
| 490 |
_aSolicitors Journal _v156(37) 2 October 2012, 10-11(2) |
||
| 520 | _aConsiders the principle of confidentiality and privacy in arbitration proceedings with reference to case law. | ||
| 590 | _aKA | ||
| 650 | 2 | 4 | _aARBITRATION ACT 1996 |
| 650 | 2 | 4 | _aDOLLING-BAKER V MERRETT |
| 650 | 2 | 4 | _aALI SHIPPING CORPORATION V SHIPYARD TROGIR |
| 650 | 2 | 4 | _aASSOCIATED ELECTRIC AND GAS INSURANCE SERVICES LTD V EUROPEAN REINSURANCE CO OF ZURICH |
| 650 | 2 | 4 | _aEMMOTT V MICHAEL WILSON & PARTNERS LTD |
| 690 |
_aDispute resolution _96236 |
||
| 942 | _n0 | ||
| 999 |
_c84317 _d84317 |
||